| 000 | 00654nam a22002297a 4500 | ||
|---|---|---|---|
| 005 | 20250220141748.0 | ||
| 008 | 231017b ||||| |||| 00| 0 spa d | ||
| 040 | _cAR-FvUNAJ | ||
| 082 | 1 | 4 |
_214 _a947.084 |
| 100 | 1 |
_921199 _aFabbri, Luigi |
|
| 245 | 1 | 0 |
_aDictadura y revolución / _cLuigi Fabbri |
| 250 | _a2a ed. | ||
| 260 |
_aBuenos Aires: _bProyección, _c1938 |
||
| 300 | _a288 p. | ||
| 440 |
_921200 _aColección Signo Libertario |
||
| 650 | 1 | 7 |
_2unescot _9600 _aHISTORIA |
| 650 | 2 | 7 |
_2unescot _9548 _aPOLITICA |
| 650 | 2 | 7 |
_2unescot _9533 _aREVOLUCION |
| 650 | 2 | 7 |
_2unescot _9616 _aCOMUNISMO |
| 651 | 2 | 7 |
_93591 _aRUSIA _2unescot |
| 942 |
_2ddc _cLIBRO |
||
| 999 |
_c10716 _d10716 |
||
| 980 |
_619226 _a Palazón Marcela I. _819226 _g Palazón Marcela I. |
||